000 00328nam a22001457a 4500
003 OSt
005 20160727222343.0
008 160620b xxu||||| |||| 00| 0 eng d
040 _cTEST
100 _9171
_aBerger, C. F
245 _aSCIENCE
260 _aBOSTON
_bHoughton Miffin Comp.
_c1979
300 _aScience
942 _2ddc
_cBK
999 _c140
_d140